<?xml version="1.0" encoding="UTF-8"?><?xml-stylesheet type="text/xsl" href="static/style.xsl"?><OAI-PMH xmlns="http://www.openarchives.org/OAI/2.0/" xmlns:xsi="http://www.w3.org/2001/XMLSchema-instance" xsi:schemaLocation="http://www.openarchives.org/OAI/2.0/ http://www.openarchives.org/OAI/2.0/OAI-PMH.xsd"><responseDate>2026-04-14T03:56:28Z</responseDate><request verb="GetRecord" identifier="oai:www.recercat.cat:2117/448820" metadataPrefix="marc">https://recercat.cat/oai/request</request><GetRecord><record><header><identifier>oai:recercat.cat:2117/448820</identifier><datestamp>2026-02-04T08:24:41Z</datestamp><setSpec>com_2072_1033</setSpec><setSpec>col_2072_452950</setSpec></header><metadata><record xmlns="http://www.loc.gov/MARC21/slim" xmlns:dcterms="http://purl.org/dc/terms/" xmlns:xsi="http://www.w3.org/2001/XMLSchema-instance" xmlns:doc="http://www.lyncode.com/xoai" xsi:schemaLocation="http://www.loc.gov/MARC21/slim http://www.loc.gov/standards/marcxml/schema/MARC21slim.xsd">
   <leader>00925njm 22002777a 4500</leader>
   <datafield ind2=" " ind1=" " tag="042">
      <subfield code="a">dc</subfield>
   </datafield>
   <datafield ind2=" " ind1=" " tag="720">
      <subfield code="a">Luís, Diana Zaida Felgueiras</subfield>
      <subfield code="e">author</subfield>
   </datafield>
   <datafield ind2=" " ind1=" " tag="720">
      <subfield code="a">Viladegut Farran, Alan</subfield>
      <subfield code="e">author</subfield>
   </datafield>
   <datafield ind2=" " ind1=" " tag="720">
      <subfield code="a">Chazot, Olivier</subfield>
      <subfield code="e">author</subfield>
   </datafield>
   <datafield ind2=" " ind1=" " tag="720">
      <subfield code="a">Camps Carmona, Adriano José</subfield>
      <subfield code="e">author</subfield>
   </datafield>
   <datafield ind2=" " ind1=" " tag="260">
      <subfield code="c">2026-01</subfield>
   </datafield>
   <datafield ind2=" " ind1=" " tag="520">
      <subfield code="a">The high levels of ionization of the plasma layer created around a spacecraft during the reentry in planetary atmospheres can cause disruption of the communications, leading to a radio blackout phenomenon. The entry, descending and landing phase of a Mars mission includes degradation and complete loss of the signal for a few minutes. This work, as part of the Horizon 2020 Magnetohydrodynamics Enhanced Entry System for Space Transportation (MEESST) project, presents experimental measurements of radio signal propagation for the first time through a stagnant flow of a CO2 plasma, representative of Mars entry flows. The measurements are conducted at the VKI plasma wind tunnel, the Plasmatron facility, using conical horn antennas at the Ka-band, transmitting inside an optimally designed probe. The probe designed at VKI and its characterization at the UPC anechoic chamber are detailed. The temperature of the plasma flow is measured by means of optical emission spectroscopy, to estimate the plasma frequency and to correlate it with the experimental signal propagation results. The measurements at the plasma wind tunnel show that the signal propagates almost undisturbed for low electric powers (and plasma frequencies), being its magnitude attenuated and its polarization rotated at higher electric powers, when the electron number densities are higher.</subfield>
   </datafield>
   <datafield ind2=" " ind1=" " tag="520">
      <subfield code="a">Diana Luís research is funded by a doctoral fellowship (2021.04930.BD) granted by Fundação para a Ciência e Tecnologia (FCT Portugal). The MEESST project is funded by the European Union’s Horizon 2020 research and innovation programme under grant agreement No 899298. Prof. Adriano Camps research is funded by project GENESIS (PID 2021-126436OB-C21) sponsored by MCIN/AEI/10.13039/5011000H033/ and EU ERDF “A way to do Europe!”.</subfield>
   </datafield>
   <datafield ind2=" " ind1=" " tag="520">
      <subfield code="a">Peer Reviewed</subfield>
   </datafield>
   <datafield ind2=" " ind1=" " tag="520">
      <subfield code="a">Postprint (published version)</subfield>
   </datafield>
   <datafield tag="653" ind2=" " ind1=" ">
      <subfield code="a">Àrees temàtiques de la UPC::Enginyeria de la telecomunicació::Processament del senyal</subfield>
   </datafield>
   <datafield tag="653" ind2=" " ind1=" ">
      <subfield code="a">Communication blackout</subfield>
   </datafield>
   <datafield tag="653" ind2=" " ind1=" ">
      <subfield code="a">Radio signal propagation</subfield>
   </datafield>
   <datafield tag="653" ind2=" " ind1=" ">
      <subfield code="a">CO2 Plasma flow</subfield>
   </datafield>
   <datafield tag="653" ind2=" " ind1=" ">
      <subfield code="a">Inductively coupled plasma wind tunnel</subfield>
   </datafield>
   <datafield tag="653" ind2=" " ind1=" ">
      <subfield code="a">Plasma frequency</subfield>
   </datafield>
   <datafield tag="653" ind2=" " ind1=" ">
      <subfield code="a">Emission spectroscopy</subfield>
   </datafield>
   <datafield ind2="0" ind1="0" tag="245">
      <subfield code="a">Radio wave propagation through a characterized CO2 plasma flow</subfield>
   </datafield>
</record></metadata></record></GetRecord></OAI-PMH>